| 000 | 00638cam a22002053a 4500 | ||
|---|---|---|---|
| 001 | 44749 | ||
| 003 | PGUSA | ||
| 005 | 20140828084024.0 | ||
| 008 | 140124s2014||||xxu|||||s|||||000 | eng d | ||
| 040 |
_aPGUSA _beng |
||
| 042 | _adc | ||
| 100 | 1 | _aCatherine II Empress of Russia | |
| 245 | 1 | 0 |
_aMémoires de l'Impératrice Catherine II. : _bÉcrits par elle-même _h[electronic resource] / _cCatherine II Empress of Russia |
| 260 |
_bProject Gutenberg, _c2014 |
||
| 506 | _aPublic domain in the USA. | ||
| 516 | _aElectronic text | ||
| 830 | 0 |
_aProject Gutenberg _v44749 |
|
| 856 | 4 | 0 | _uhttp://www.gutenberg.org/ebooks/44749 |
| 942 | _cEB | ||
| 999 |
_c274000 _d274000 |
||